1240 1242 1868 1954 1510 1644 1581 1149 1679 1674 1882 1382 1967 1887 1653 1695 1978 1256 1812 1822 1798 1621 1556 1311 1278 1394 1960 1745 1409 1261 1253 1956 1895 1076 1422 1028 1363 1599 1419 1155 1895 1856 1325 1782 1231 1797 2000 1716 1963 1600 1690 1605 1277 1973 1114 1392 1677 1863 1849 1737 1687 1565 1284 1581 1073 1632 1809 1816 1440 1782 1916 1563 1422 1595 1070 1351 1865 1444 1198 1396 1205 1034 1264 1099 1639 1258 1055 1147 1246 1750 1073 1073 1017 1086 1543 1487 1510 1762 1372 BCNSPRNW ULIB Ver.6.0+V

เปลี่ยนเป็นภาษาไทย

Change to English
 แสดงรายละเอียดบรรณานุกรม
  กลับหน้าหลัก

Brief Record : Get Marc (ISO 2709) : E-mail record : QR code < ปิดหน้าต่าง
LEADER : 00000nam 2200000uu 4500
001    13399127694
003     ULIB
008    210420s2562||||th 000 0 tha d
020    ^a9786169299974
060  0 ^aWJ340^bก766ก
100    ^aเกรียง ตั้งสง่า.
245    ^aการประชุมสัมนาเชิงปฏิบัติการ เรื่อง การพัฒนารูปแบบการดูแลผู้ป่วยโรคไตเรื้อรังโดยทีมสหสาขาวิชาชีพของโรงพยาบาลอำเภอและโดยพยาบาลชุมชน ของ รพ.สต.
260    ^aม.ป.ท. :^bม.ป.พ.,^c2562
300    ^a152 หน้า;^b29 ซม.
650    ^aโรคไตเรื้อรัง-การดูแล
945    ^p0^l0^i008019
999    ^aประนอม เกษจรัล
รายการนี้ยังไม่มีแท็ก
คุณยังไม่ได้ล็อกอิน คุณสามารถมีกิจกรรมร่วมกับเว็บไซต์ได้ แต่ต้องล็อกอินก่อน ::
  ล็อกอิน

รายการสื่อสารสนเทศ

ลำดับที่ ประเภท เลขเรียก/บาร์โค้ด สถานที่ สถานะ
1. วิทยาศาสตร์การแพทย์ และสุขภาพ
วิทยาศาสตร์การแพทย์ และสุขภาพ
WJ340 ก766ก ฉ.1 
  Barcode: 008019
ห้องสมุดวิทยาเขตสวรรค์ประชารักษ์
►หนังสือทั่วไป
บนชั้น

BibComment


ยังไม่เคยถูกคอมเมนท์

คอมเมนท์ทรัพยากรรายการนี้
  คอมเมนท์: การประชุมสัมนาเช..


 Copyright 2026. Bcnsprnw @Library